000 00302nam a2200109Ia 4500
008 220203s9999 xx 000 0 und d
100 _aMercy Jose
245 0 _aNatural Rubber: A Bibliography
260 _bRubber Research Institute of India
_aKottayam
_c1994
700 _aAccamma C. Korah
942 _cPN
999 _c45032
_d45032